| 000 | 00000nam##2200000za#4500 |
| 001 | 9.699554 |
| 003 | CaOODSP |
| 005 | 20210625000431 |
| 007 | cr ||||||||||| |
| 008 | 150407|2011||||xxc|||||o f|0| 0 eng|d |
| 040 | |aCaOODSP|beng |
| 043 | |an-cn--- |
| 086 | 1 |aEn106-131/2011E-PDF |
| 110 | 1 |aCanada. |bCanadian Environmental Assessment Agency. |
| 245 | 10|aKeeyask Generation Project proposed by the Keeyask Hydropower Limited Partnership : |h[electronic resource]|bbackground information document |
| 260 | |aOttawa - Ontario : |bCanadian Environmental Assessment Agency |c[2011]. |
| 300 | |a12p.|bmap, table |
| 500 | |a"For public comment, December 15, 2011 - January 31, 2012"--Cover. |
| 590 | |a15-02-Supp|b2015-02-16 |
| 690 | 07|aElectric power stations|2gcpds |
| 690 | 07|aEnvironmental impact assessment|2gcpds |
| 775 | 08|tProjet de centrale électrique Keeyask, proposé par Keeyask Hydropower Limited Partnership : |w(CaOODSP)9.643576 |
| 856 | 40|ahttp://publications.gc.ca|qPDF|s230 KB|uhttps://publications.gc.ca/collections/collection_2014/ec/En106-131-2011-eng.pdf |
| 986 | |aCanadian Environmental Assessment Registry Reference Number: 11-03-64144 |